Reverse Dictionary #83 - Statistics

General Stats
  • This quiz has been taken 29 times
  • The average score is 13 of 25
Answer Stats
Definition First
Letter
Word % Correct
Plump; not lean or thin. F Fat
96%
A facial expression comprised by flexing the muscles of both ends of one's mouth, often showing the front teeth, without vocalisation, and in humans is a common involuntary or voluntary expression of happiness, pleasure, amusement, goodwill, or anxiety. S Smile
96%
The characteristic lowing sound made by cattle. M Moo
92%
A living being, such as an animal, monster, or alien. C Creature
80%
A visible impression or sign; a blemish, scratch, or stain, whether accidental or intentional. M Mark
80%
A person with extensive knowledge or ability in a given subject. E Expert
76%
1. A device for moving or compressing a liquid or gas.2. A device for dispensing liquid or gas to be sold, particularly fuel. P Pump
76%
(music) The relationship between two distinct musical pitches (musical pitches being frequencies of vibration which produce audible sound) played simultaneously. H Harmony
72%
To happen again. R Recur
64%
Causing overwhelming wonder or astonishment; very surprising. A Amazing
60%
Queasy, dizzy, or disoriented. W Woozy
60%
Someone who is associated with another in a common activity or interest. P Partner
56%
To break or disregard (a rule or convention). V Violate
56%
To adhere to an object, without being affixed, in such a way as to follow its contours. Used especially of fabrics and films. C Cling
48%
To exercise influence over; to suggest or dictate the behavior of. C Control
44%
To write or cut (words) onto (something, especially a hard surface, or a book to be given to another person); to engrave. I Inscribe
40%
To set off an event or action; to bring about; to produce. C Cause
36%
To drive, force, or urge (someone) to do something. I Impel
36%
To encroach upon in a way that violates law or the rights of another. I Infringe
32%
Serving or intended to keep safe, to defend, to guard, or to prevent harm coming to. P Protective
24%
Overly assertive, bold, or determined; aggressively ambitious. P Pushy
24%
Without an end. Without stop or pause, incessant. C Ceaseless
20%
Arousing scorn or contempt, often due to miserable inadequacy. P Pathetic
20%
Of a sound or a musical note, having a high frequency. H High-pitched
16%
(of weather) Hot and humid; oppressively sticky. S Sweltering
12%
No matching quizzes found
Score Distribution
Percent of People with Each Score
Percentile by Number Answered
Your Score History
You have not taken this quiz